[Event "Penang op-A 5th"]
[Site "Penang"]
[Date "2013.12.13"]
[Round "8"]
[White "Chiong Zacarias, Romero Luis"]
[Black "Tamin, Upi Darmayana"]
[Result "1-0"]
[WhiteElo "2306"]
[BlackElo "2105"]
[PlyCount "68"]
[EventDate "2013.12.09"]
[EventType "swiss"]
[EventRounds "9"]
[EventCountry "MAS"]
[SourceTitle "CBM 157 Extra"]
[Source "ChessBase"]
[SourceDate "2013.12.19"]
[SourceVersion "1"]
[SourceVersionDate "2013.12.19"]
[SourceQuality "1"]

1. d4 Nf6 2. c4 g6 3. Nc3 Bg7 4. e4 d6 5. h3 0-0 6. Bg5 h6 7. Be3 Nbd7 8. Nf3 e5 9. d5 Re8 10. Nd2 a5 11. a3 b6 12. Be2 Nh7 13. g4 Ndf8 14. h4 Bd7 15. Qc2 c6 16. 0-0-0 cxd5 17. cxd5 Rb8 18. a4 Re7 19. Kb1 Bc8 20. Qb3 Reb7 21. Nb5 Bd7 22. Qa3 Bxb5 23. Bxb5 Nd7 24. Nc4 Nc5 25. Bxc5 bxc5 26. Rd3 Bf8 27. Qc3 Ra8 28. Qd2 Nf6 29. f3 Ne8 30. h5 g5 31. Ra3 Ng7 32. Rd3 Be7 33. Re3 Qc7 34. Na3 Rbb8 1-0

[Event "Penang op-A 5th"]
[Site "Penang"]
[Date "2013.12.10"]
[Round "2"]
[White "Chiong Zacarias, Romero Luis"]
[Black "Asman, Nur Sabrina Aliya"]
[Result "1-0"]
[WhiteElo "2306"]
[BlackElo "1698"]
[PlyCount "57"]
[EventDate "2013.12.09"]
[EventType "swiss"]
[EventRounds "9"]
[EventCountry "MAS"]
[SourceTitle "CBM 157 Extra"]
[Source "ChessBase"]
[SourceDate "2013.12.19"]
[SourceVersion "1"]
[SourceVersionDate "2013.12.19"]
[SourceQuality "1"]

1. d4 d5 2. Nf3 e6 3. c4 c5 4. cxd5 exd5 5. Nc3 Nc6 6. g3 Nf6 7. Bg2 Be7 8. 0-0 0-0 9. dxc5 Bxc5 10. Na4 Be7 11. Be3 Bg4 12. Nd4 Nxd4 13. Bxd4 Qa5 14. Nc3 Rfd8 15. Qb3 Rab8 16. Be5 Bd6 17. Bxf6 gxf6 18. Bxd5 Rd7 19. Rad1 Be5 20. Be4 Rbd8 21. Rxd7 Rxd7 22. Qc2 h6 23. Bf5 Bxf5 24. Qxf5 Qd8 25. Rc1 Kg7 26. Kg2 Rd2 27. Ne4 Rd5 28. Qg4+ Kh7 29. Re1 1-0

[Event "Penang op 4th"]
[Site "Penang"]
[Date "2012.12.11"]
[Round "2"]
[White "Wee, Chu En Kelvin"]
[Black "Chiong Zacarias, Romero Luis"]
[Result "0-1"]
[WhiteElo "2048"]
[BlackElo "2301"]
[PlyCount "70"]
[EventDate "2012.12.11"]
[EventType "swiss"]
[EventRounds "9"]
[EventCountry "MAS"]
[SourceTitle "EXT 2014"]
[Source "ChessBase"]
[SourceDate "2013.11.20"]
[SourceVersion "1"]
[SourceVersionDate "2013.11.20"]
[SourceQuality "1"]

1. e4 c5 2. Nf3 d6 3. d4 cxd4 4. Nxd4 Nf6 5. Nc3 a6 6. Be2 e5 7. Nb3 Be7 8. 0-0 Be6 9. Be3 0-0 10. Qd2 Nbd7 11. a4 Nb6 12. a5 Nc4 13. Bxc4 Bxc4 14. Rfd1 h6 15. f3 Qc8 16. Nc1 d5 17. Nxd5 Bxd5 18. exd5 Rd8 19. Nd3 Nxd5 20. c3 Qf5 21. Qf2 Nxc3 22. bxc3 Rxd3 23. Bc5 Bg5 24. Rxd3 Qxd3 25. Qe1 Bd2 26. Rd1 Rd8 27. Qxe5 Be3+ 28. Bxe3 Qxd1+ 29. Kf2 Qc2+ 30. Kg3 Qg6+ 31. Kf2 Qd6 32. Qe4 Qd5 33. Qa4 Qc6 34. Qh4 Rd3 35. Bd4 Rd2+ 0-1

[Event "Singapore Masters 5th"]
[Site "Singapore"]
[Date "2008.12.13"]
[Round "7"]
[White "Chiong Zacarias, Romero Luis"]
[Black "Tirto"]
[Result "1/2-1/2"]
[WhiteElo "2361"]
[BlackElo "2406"]
[PlyCount "38"]
[EventDate "2008.12.10"]
[EventType "swiss"]
[EventRounds "9"]
[EventCountry "SIN"]
[SourceTitle "CBM 127 Extra"]
[Source "ChessBase"]
[SourceDate "2009.01.08"]
[SourceVersion "2"]
[SourceVersionDate "2009.01.28"]
[SourceQuality "1"]

1. d4 d5 2. c4 c6 3. Nf3 Nf6 4. Nc3 dxc4 5. e3 b5 6. a4 b4 7. Nb1 Ba6 8. Qc2 Qd5 9. Nbd2 c3 10. bxc3 bxc3 11. Qxc3 Bxf1 12. Rxf1 e6 13. Ba3 Bxa3 14. Qxa3 a5 15. Rc1 Na6 16. Ke2 Ne4 17. Nxe4 Qxe4 18. Qd3 Qxd3+ 19. Kxd3 f6 1/2-1/2

[Event "Singapore Masters 5th"]
[Site "Singapore"]
[Date "2008.12.10"]
[Round "1"]
[White "Nguyen, Ngoc Truong Son"]
[Black "Chiong Zacarias, Romero Luis"]
[Result "1/2-1/2"]
[WhiteElo "2567"]
[BlackElo "2361"]
[PlyCount "136"]
[EventDate "2008.12.10"]
[EventType "swiss"]
[EventRounds "9"]
[EventCountry "SIN"]
[SourceTitle "CBM 127 Extra"]
[Source "ChessBase"]
[SourceDate "2009.01.08"]
[SourceVersion "2"]
[SourceVersionDate "2009.01.28"]
[SourceQuality "1"]

1. d4 Nf6 2. c4 g6 3. Nc3 Bg7 4. e4 d6 5. f3 0-0 6. Be3 e5 7. d5 c6 8. Qd2 cxd5 9. cxd5 Nh5 10. Nge2 f5 11. 0-0-0 Bd7 12. Kb1 a5 13. Nc1 Qe8 14. Bb6 a4 15. a3 Na6 16. Bc4 Qe7 17. Nd3 Rfc8 18. Ba2 Nf6 19. Rhe1 fxe4 20. fxe4 Kh8 21. h3 Nh5 22. g4 Nf4 23. Nxf4 exf4 24. Qxf4 Nc5 25. Bc4 Be5 26. Qe3 Be8 27. Bb5 Nb3 28. Bxe8 Qxe8 29. Ne2 Qb5 30. Bd4 Nxd4 31. Nxd4 Qb6 32. Re2 Rc4 33. Nf3 Qxe3 34. Rxe3 Re8 35. Re2 Bf6 36. Rde1 Kg7 37. e5 Bxe5 38. Nxe5 Rxe5 39. Rxe5 dxe5 40. Rxe5 Rd4 41. Re7+ Kh6 42. Rxb7 Rxd5 43. Kc2 Re5 44. Kd3 Rd5+ 45. Ke3 Kg5 46. Ke2 h6 47. Rb6 Rc5 48. Kd2 Rd5+ 49. Kc3 Re5 50. Kb4 Re3 51. Kxa4 Rxh3 52. b4 Rg3 53. b5 Rxg4+ 54. Ka5 h5 55. Rb8 Rg1 56. b6 h4 57. Rh8 Rb1 58. a4 Kg4 59. Ka6 g5 60. a5 h3 61. b7 Kg3 62. Ka7 g4 63. b8Q+ Rxb8 64. Kxb8 Kh2 65. a6 g3 66. a7 g2 67. a8Q g1Q 68. Qa2+ Qg2 1/2-1/2

[Event "Internet Final"]
[Site "Dos Hermanas"]
[Date "2004.03.13"]
[Round "1.2"]
[White "Chiong Zacarias, Romero Luis"]
[Black "Zhang, Zhong"]
[Result "1/2-1/2"]
[WhiteElo "2368"]
[BlackElo "2639"]
[PlyCount "82"]
[EventDate "2004.03.13"]
[EventType "k.o. (blitz)"]
[EventRounds "5"]
[EventCountry "ESP"]
[SourceTitle "CBM 099 Extra"]
[Source "ChessBase"]
[SourceDate "2004.05.04"]
[SourceVersion "1"]
[SourceVersionDate "2004.05.04"]
[SourceQuality "1"]

1. d4 Nf6 2. Nf3 e6 3. e3 b6 4. Bd3 Bb7 5. 0-0 c5 6. c4 Be7 7. Nc3 cxd4 8. exd4 d5 9. Re1 0-0 10. Bg5 Nbd7 11. Qe2 Rc8 12. Rad1 dxc4 13. Bxc4 Bxf3 14. gxf3 Nh5 15. Be3 Bd6 16. Ne4 Bf4 17. Ba6 Qh4 18. Ng3 Rcd8 19. Qc2 Ndf6 20. Kg2 Nd5 21. Bc1 Bxc1 22. Qxc1 Ndf4+ 23. Kh1 Rd5 24. Re4 Rfd8 25. Nxh5 Rxh5 26. Qxf4 Qe7 27. Rg1 g6 28. a3 b5 29. Re5 Qc7 30. Qg3 Rxe5 31. Qxe5 Qc6 32. d5 Qxa6 33. dxe6 Qxe6 34. Qxe6 fxe6 35. Rc1 Rd2 36. Rc8+ Kg7 37. Rc7+ Kf6 38. Kg2 Rxb2 39. Rxa7 Ra2 40. Ra5 h5 41. h4 e5 1/2-1/2

[Event "Internet Final"]
[Site "Dos Hermanas"]
[Date "2004.03.13"]
[Round "1.1"]
[White "Zhang, Zhong"]
[Black "Chiong Zacarias, Romero Luis"]
[Result "1-0"]
[WhiteElo "2639"]
[BlackElo "2368"]
[PlyCount "81"]
[EventDate "2004.03.13"]
[EventType "k.o. (blitz)"]
[EventRounds "5"]
[EventCountry "ESP"]
[SourceTitle "CBM 099 Extra"]
[Source "ChessBase"]
[SourceDate "2004.05.04"]
[SourceVersion "1"]
[SourceVersionDate "2004.05.04"]
[SourceQuality "1"]

1. e4 c5 2. Nf3 d6 3. Bb5+ Nd7 4. d4 Ngf6 5. Nc3 a6 6. Bxd7+ Nxd7 7. 0-0 cxd4 8. Qxd4 e6 9. Be3 Qc7 10. Rfd1 f6 11. a4 Ne5 12. a5 Bd7 13. Na4 Be7 14. Nb6 Rd8 15. c4 Bc6 16. b4 0-0 17. Rac1 Be8 18. Nxe5 fxe5 19. Qb2 Bh5 20. f3 Bf6 21. Qb3 Bf7 22. Rc2 Qe7 23. Rcd2 Kh8 24. Rd3 g5 25. c5 d5 26. exd5 exd5 27. Nxd5 Qe6 28. Qa3 Bg7 29. Bxg5 Rd7 30. Nb6 Rd4 31. Be3 Rxd3 32. Qxd3 Bg6 33. Qd5 Qe7 34. Nd7 Rd8 35. Qxb7 e4 36. f4 Qf7 37. Qd5 Qe8 38. c6 Bf7 39. Qc5 Bh5 40. Rd2 Qg6 41. c7 1-0

[Event "Internet Section 08B g/8'+2\""]
[Site "Dos Hermanas"]
[Date "2004.03.08"]
[Round "1"]
[White "Chiong Zacarias, Romero Luis"]
[Black "Mooi, Osric Kok Onn"]
[Result "1-0"]
[WhiteElo "2373"]
[BlackElo "2142"]
[PlyCount "91"]
[EventDate "2004.03.08"]
[EventType "swiss (blitz)"]
[EventRounds "9"]
[EventCountry "ESP"]
[SourceTitle "CBM 099 Extra"]
[Source "ChessBase"]
[SourceDate "2004.05.04"]
[SourceVersion "1"]
[SourceVersionDate "2004.05.04"]
[SourceQuality "1"]

1. d4 Nf6 2. c4 c5 3. d5 b5 4. cxb5 e6 5. Nc3 exd5 6. Nxd5 Bb7 7. Nxf6+ Qxf6 8. Nf3 d5 9. e3 Bd6 10. Be2 0-0 11. 0-0 Nd7 12. a4 Rfe8 13. Ra2 Qe6 14. b3 Rac8 15. Rd2 Bb8 16. Bb2 Nf8 17. Re1 Qh6 18. g3 Ne6 19. Bf1 Red8 20. Bg2 c4 21. bxc4 dxc4 22. Rxd8+ Rxd8 23. Nd4 Bxg2 24. Kxg2 Qg6 25. Qf3 Nxd4 26. Bxd4 Bd6 27. Rc1 Qd3 28. Qd5 Be7 29. Qxc4 Qe4+ 30. Kg1 h5 31. Qc6 Qg4 32. Kg2 Ba3 33. Rc4 h4 34. h3 Qe2 35. Rc2 Qd1 36. g4 Qb1 37. a5 Rd6 38. Qe8+ Kh7 39. Rc8 Kg6 40. Rc6 Rxc6 41. Qxc6+ f6 42. b6 axb6 43. a6 Bb2 44. Bxb2 Qxb2 45. a7 Qa2 46. a8Q 1-0

[Event "Internet Section 08B g/8'+2\""]
[Site "Dos Hermanas"]
[Date "2004.03.08"]
[Round "6"]
[White "Paunovic, Dragan"]
[Black "Chiong Zacarias, Romero Luis"]
[Result "0-1"]
[WhiteElo "2496"]
[BlackElo "2373"]
[PlyCount "94"]
[EventDate "2004.03.08"]
[EventType "swiss (blitz)"]
[EventRounds "9"]
[EventCountry "ESP"]
[SourceTitle "CBM 099 Extra"]
[Source "ChessBase"]
[SourceDate "2004.05.04"]
[SourceVersion "1"]
[SourceVersionDate "2004.05.04"]
[SourceQuality "1"]

1. c4 e5 2. g3 g6 3. Bg2 Bg7 4. Nc3 d6 5. d3 f5 6. e4 Nf6 7. Nge2 c6 8. 0-0 0-0 9. exf5 Bxf5 10. d4 Nbd7 11. h3 h5 12. b3 Re8 13. Be3 e4 14. d5 c5 15. Nf4 Nf8 16. Rc1 Qd7 17. Kh2 N8h7 18. Ne6 Bxe6 19. dxe6 Qxe6 20. Re1 Rad8 21. Nd5 Nxd5 22. cxd5 Qf5 23. Qd2 b6 24. a4 Re5 25. Bf4 Re7 26. Rc4 Bd4 27. Rxd4 cxd4 28. Qxd4 Nf6 29. a5 bxa5 30. Ra1 g5 31. Be3 Qe5 32. Qxe5 Rxe5 33. Rxa5 Rd7 34. Bf1 Kh7 35. Bc4 g4 36. Bxa7 Rf5 37. h4 Rf7 38. Be3 Nd7 39. Ra6 Ne5 40. Rxd6 Rxf2+ 41. Bxf2 Rxf2+ 42. Kg1 e3 43. Bd3+ Nxd3 44. Re6 e2 45. d6 Rf1+ 46. Kh2 e1Q 47. Rxe1 Nxe1 0-1

[Event "Internet Section 07A g/8'+2\""]
[Site "Dos Hermanas"]
[Date "2004.03.07"]
[Round "1"]
[White "Chiong Zacarias, Romero Luis"]
[Black "Murgescu, Radu"]
[Result "1-0"]
[WhiteElo "2368"]
[BlackElo "2114"]
[PlyCount "77"]
[EventDate "2004.03.07"]
[EventType "swiss (blitz)"]
[EventRounds "9"]
[EventCountry "ESP"]
[SourceTitle "CBM 099 Extra"]
[Source "ChessBase"]
[SourceDate "2004.05.04"]
[SourceVersion "1"]
[SourceVersionDate "2004.05.04"]
[SourceQuality "1"]

1. d4 Nf6 2. c4 g6 3. Nc3 Bg7 4. e4 d6 5. Nf3 0-0 6. Be2 e5 7. 0-0 Nc6 8. d5 Ne7 9. Ne1 Ne8 10. Be3 f5 11. f3 f4 12. Bf2 h5 13. a4 g5 14. Nd3 Rf7 15. a5 a6 16. c5 Bf8 17. cxd6 cxd6 18. Na4 Rg7 19. h3 g4 20. hxg4 hxg4 21. fxg4 Nf6 22. Bb6 Qe8 23. Nf2 Qg6 24. Bf3 Qh6 25. Re1 Qh4 26. Kf1 Nxg4 27. Ke2 Ne3 28. Bxe3 fxe3 29. Kxe3 Bd7 30. Nb6 Bb5 31. Nd3 Rf7 32. Kd2 Rd8 33. Kc3 Nc8 34. Nc4 Rc7 35. b3 b6 36. Rh1 Qf6 37. Bg4 bxa5 38. Be6+ Kg7 39. Qg4+ 1-0

[Event "Internet Section 07A g/8'+2\""]
[Site "Dos Hermanas"]
[Date "2004.03.07"]
[Round "7"]
[White "Chiong Zacarias, Romero Luis"]
[Black "Pfrommer, Christoph"]
[Result "1/2-1/2"]
[WhiteElo "2368"]
[BlackElo "2287"]
[PlyCount "118"]
[EventDate "2004.03.07"]
[EventType "swiss (blitz)"]
[EventRounds "9"]
[EventCountry "ESP"]
[SourceTitle "CBM 099 Extra"]
[Source "ChessBase"]
[SourceDate "2004.05.04"]
[SourceVersion "1"]
[SourceVersionDate "2004.05.04"]
[SourceQuality "1"]

1. d4 Nf6 2. c4 g6 3. Nc3 Bg7 4. e4 d6 5. Nf3 0-0 6. Be2 Na6 7. 0-0 e5 8. Be3 Ng4 9. Bg5 Qe8 10. dxe5 dxe5 11. h3 h6 12. Bd2 Nf6 13. Be3 Qe7 14. Nd5 Qd8 15. Nxf6+ Qxf6 16. c5 Nb8 17. b4 a6 18. a4 Nc6 19. b5 axb5 20. axb5 Rxa1 21. Qxa1 Nd4 22. Nxd4 exd4 23. Bd2 Qe7 24. Qc1 Qxe4 25. Re1 d3 26. Bf3 Qd4 27. Re7 Qd8 28. Re1 Re8 29. Rd1 b6 30. cxb6 cxb6 31. Bxh6 Bxh6 32. Qxh6 Qd4 33. h4 Bf5 34. g3 Be4 35. Qf4 Qd5 36. Kg2 Bxf3+ 37. Qxf3 Qxf3+ 38. Kxf3 Re5 39. Rxd3 Rxb5 40. g4 Kg7 41. g5 Rb4 42. Kg3 Rb1 43. Rd7 b5 44. Rb7 b4 45. f4 b3 46. Kg2 Kg8 47. Rb8+ Kg7 48. Rb7 Kg8 49. h5 gxh5 50. f5 h4 51. Rb8+ Kh7 52. Rb7 Kg8 53. Rb8+ Kh7 54. Rb4 b2 55. Rxh4+ Kg7 56. Rb4 Kf8 57. Rb7 Ke8 58. Kh2 Rf1 59. Rxb2 Rxf5 1/2-1/2

[Event "Internet Section 06B g/8'+2\""]
[Site "Dos Hermanas"]
[Date "2004.03.06"]
[Round "1"]
[White "Alvarez Pedrosa, Valeriano"]
[Black "Chiong Zacarias, Romero Luis"]
[Result "0-1"]
[WhiteElo "1964"]
[BlackElo "2389"]
[PlyCount "136"]
[EventDate "2004.03.06"]
[EventType "swiss (blitz)"]
[EventRounds "9"]
[EventCountry "ESP"]
[SourceTitle "CBM 099 Extra"]
[Source "ChessBase"]
[SourceDate "2004.05.04"]
[SourceVersion "1"]
[SourceVersionDate "2004.05.04"]
[SourceQuality "1"]

1. d4 Nf6 2. c3 g6 3. Nf3 Bg7 4. Bg5 0-0 5. Nbd2 d6 6. Bxf6 exf6 7. e3 f5 8. Bd3 Nd7 9. 0-0 Nf6 10. e4 fxe4 11. Nxe4 Nxe4 12. Bxe4 c6 13. Qd2 Re8 14. Rae1 h6 15. Re2 Be6 16. b3 Bd7 17. Rfe1 Qf6 18. Bd3 Rxe2 19. Rxe2 Re8 20. Rxe8+ Bxe8 21. Qe3 Kf8 22. Kf1 Bd7 23. Nd2 d5 24. Nf3 Qd6 25. Ne5 Be8 26. f4 b6 27. g3 c5 28. Ke2 h5 29. Kd2 a5 30. Kc2 cxd4 31. cxd4 Qa3 32. Kb1 a4 33. Bc2 Qb4 34. Kc1 a3 35. Qd2 Qd6 36. Qc3 h4 37. Qc8 Bf6 38. Bd3 Bd8 39. Kd2 Kg7 40. gxh4 Qf6 41. Qg4 Qd6 42. h5 Qb4+ 43. Ke2 Qxd4 44. hxg6 f6 45. Qh5 fxe5 46. Qh7+ Kf6 47. g7 e4 48. g8Q Qxd3+ 49. Ke1 Qe3+ 50. Kd1 Qd3+ 51. Ke1 Qe3+ 52. Kd1 Qd4+ 53. Ke1 Qa1+ 54. Kf2 Qd4+ 55. Ke1 Qc3+ 56. Kd1 Qa1+ 57. Ke2 Qxa2+ 58. Ke1 Qb1+ 59. Ke2 Qc2+ 60. Ke1 Qc3+ 61. Ke2 Qf3+ 62. Ke1 Qe3+ 63. Kd1 Qxb3+ 64. Ke1 Qc3+ 65. Kd1 Ba4+ 66. Ke2 Bb5+ 67. Kf2 Qf3+ 68. Kg1 Qf1# 0-1

[Event "Internet Section 16-B"]
[Site "Dos Hermanas"]
[Date "2003.03.16"]
[Round "5"]
[White "Chiong Zacarias, Romero Luis"]
[Black "Porper, Edward"]
[Result "1-0"]
[WhiteElo "2373"]
[BlackElo "2429"]
[PlyCount "79"]
[EventDate "2003.03.16"]
[EventType "swiss (blitz)"]
[EventRounds "9"]
[EventCountry "ESP"]
[SourceTitle "EXT 2004"]
[Source "ChessBase"]
[SourceDate "2003.11.25"]
[SourceVersion "1"]
[SourceVersionDate "2003.11.25"]
[SourceQuality "1"]

1. d4 d5 2. c4 c6 3. Nc3 Nf6 4. Nf3 a6 5. a4 e6 6. Bg5 a5 7. cxd5 exd5 8. e3 Bf5 9. Qb3 Bb4 10. Be2 Nbd7 11. 0-0 0-0 12. Rfc1 Qb6 13. Qd1 Ne4 14. Nxe4 Bxe4 15. Bd3 f5 16. Bf4 Be7 17. Qe2 Bf6 18. h3 Rae8 19. Rab1 Kh8 20. b3 Qd8 21. b4 g5 22. Bd6 Rg8 23. bxa5 g4 24. hxg4 Rxg4 25. Rxb7 Reg8 26. Bg3 h5 27. Bxe4 fxe4 28. Ne5 Bxe5 29. dxe5 h4 30. e6 hxg3 31. Rxd7 Qf6 32. fxg3 Qxe6 33. Qb2+ R4g7 34. Rxg7 Rxg7 35. a6 Kh7 36. Qb8 Qd7 37. Rb1 Qf7 38. Rb7 Qg6 39. Rxg7+ Qxg7 40. Qb7 1-0